[Event "Titled Tuesday intern op 16th Jan Early"]
[Site "Chess.com INT"]
[Date "2024.01.16"]
[Round "6"]
[White "Panesso Rivera, Henry"]
[Black "Alekseenko, Kirill"]
[Result "1-0"]
[WhiteElo "2356"]
[BlackElo "2650"]
[PlyCount "103"]
[EventDate "2024.01.16"]
[EventType "swiss (blitz)"]
[EventRounds "11"]
[EventCountry "USA"]
[SourceTitle "CB04_2024"]
[SourceDate "2023.10.16"]
[SourceVersion "1"]
[SourceVersionDate "2023.10.16"]
[SourceQuality "1"]

1. e4 e5 2. Nf3 Nc6 3. Bc4 Bc5 4. d3 Nf6 5. c3 d6 6. 0-0 h6 7. Bb3 Bb6 8. Nbd2 0-0 9. Nc4 Be6 10. Nxb6 axb6 11. Re1 Re8 12. a3 d5 13. exd5 Bxd5 14. Bc2 Qd7 15. h3 Rad8 16. Be3 b5 17. Nd2 b6 18. Ne4 Qe6 19. Nxf6+ Qxf6 20. Qh5 Ne7 21. a4 bxa4 22. Rxa4 Nf5 23. Ra7 Re7 24. Qg4 Rde8 25. Ba4 Rd8 26. Bc2 g6 27. Rea1 Kh7 28. Kh2 Be6 29. Qe2 Bd5 30. Qg4 Rde8 31. Ba4 Bc6 32. Bb3 Rd8 33. Bc2 Ng7 34. Rd1 Ne6 35. f3 h5 36. Qg3 Nf4 37. h4 Ne6 38. Rd2 Red7 39. Bg5 Nxg5 40. hxg5 Qf5 41. d4 Qe6 42. Qh4 Kg7 43. Re2 Rd5 44. Bb3 Bb5 45. Bxd5 Rxd5 46. Rxe5 Rxe5 47. dxe5 Qxe5+ 48. Qg3 Qe2 49. Qxc7 Bc4 50. Qe7 Be6 51. Qf6+ Kh7 52. Ra8 1-0

[Event "Titled Tuesday intern op 29th Aug Early"]
[Site "Chess.com INT"]
[Date "2023.08.29"]
[Round "4"]
[White "Mikhailovsky, Vladimir"]
[Black "Panesso Rivera, Henry"]
[Result "1-0"]
[WhiteElo "2215"]
[BlackElo "2358"]
[PlyCount "69"]
[EventDate "2023.08.29"]
[EventType "swiss (blitz)"]
[EventRounds "11"]
[EventCountry "USA"]
[SourceTitle "EXT 2024"]
[Source "ChessBase"]
[SourceDate "2023.10.10"]
[SourceVersion "1"]
[SourceVersionDate "2023.10.10"]
[SourceQuality "1"]

1. e4 e5 2. f4 exf4 3. Bc4 Qh4+ 4. Kf1 d5 5. Bxd5 Nf6 6. Nf3 Qh5 7. Bb3 Be6 8. d3 Bxb3 9. axb3 g5 10. e5 Nd5 11. Qe2 Nc6 12. Qe4 0-0-0 13. Qf5+ Rd7 14. Qxg5 Qxg5 15. Nxg5 Nxe5 16. Rxa7 Kb8 17. Ra4 Bh6 18. Nf3 Nxf3 19. gxf3 Re8 20. Re4 Rde7 21. Nc3 Rxe4 22. fxe4 Nb4 23. Rg1 Nxc2 24. Rg4 f5 25. Rh4 Bg5 26. Rxh7 Nb4 27. h4 Bf6 28. Bxf4 Bxc3 29. Bxc7+ Ka7 30. bxc3 Nxd3 31. exf5 Rf8 32. b4 Rxf5+ 33. Ke2 Nb2 34. Rg7 Rh5 35. Rg5 1-0

[Event "Medellin Flores op 30th"]
[Site "Medellin"]
[Date "2023.08.07"]
[Round "9"]
[White "Cordoba Roa, Angel Gabriel"]
[Black "Panesso Rivera, Henry"]
[Result "1/2-1/2"]
[WhiteElo "2258"]
[BlackElo "2358"]
[PlyCount "32"]
[EventDate "2023.08.03"]
[EventType "swiss"]
[EventRounds "9"]
[EventCountry "COL"]
[SourceTitle "CBM 215 Extra"]
[Source "ChessBase"]
[SourceDate "2023.09.30"]
[SourceVersion "1"]
[SourceVersionDate "2023.09.30"]
[SourceQuality "1"]

1. e4 e5 2. Nf3 Nc6 3. Bb5 a6 4. Ba4 Nf6 5. 0-0 Nxe4 6. d4 b5 7. Bb3 d5 8. dxe5 Be6 9. c3 Be7 10. Nbd2 0-0 11. Re1 Nc5 12. Bc2 d4 13. Nb3 Nxb3 14. axb3 dxc3 15. bxc3 Qxd1 16. Rxd1 a5 1/2-1/2

[Event "Medellin Flores op 30th"]
[Site "Medellin"]
[Date "2023.08.07"]
[Round "8"]
[White "Panesso Rivera, Henry"]
[Black "Blanco Fernandez, Lino Orlando"]
[Result "1-0"]
[WhiteElo "2358"]
[BlackElo "2294"]
[PlyCount "53"]
[EventDate "2023.08.03"]
[EventType "swiss"]
[EventRounds "9"]
[EventCountry "COL"]
[SourceTitle "CBM 215 Extra"]
[Source "ChessBase"]
[SourceDate "2023.09.30"]
[SourceVersion "1"]
[SourceVersionDate "2023.09.30"]
[SourceQuality "1"]

1. e4 e5 2. Nf3 d6 3. d4 Nf6 4. dxe5 Nxe4 5. Qd5 Nc5 6. Bg5 Qd7 7. exd6 Bxd6 8. Nc3 Qe6+ 9. Be3 Qxd5 10. Nxd5 Ne6 11. Nd2 Nd7 12. Ne4 Be5 13. f4 Bxb2 14. Rb1 c6 15. f5 cxd5 16. fxe6 fxe6 17. Nd6+ Ke7 18. Nxc8+ Raxc8 19. Rxb2 b6 20. Bd3 e5 21. 0-0 Nf6 22. a4 Rc7 23. Bf5 Rc3 24. Bd2 Rc6 25. a5 Rb8 26. Re1 Kd6 27. Bb4+ 1-0

[Event "Rivera Hernandez Memorial"]
[Site "Rivera Huila"]
[Date "2023.07.19"]
[Round "2"]
[White "Montilla Reyes, Jorcerys"]
[Black "Panesso Rivera, Henry"]
[Result "0-1"]
[WhiteElo "2139"]
[BlackElo "2346"]
[PlyCount "132"]
[EventDate "2023.07.19"]
[EventType "swiss"]
[EventRounds "10"]
[EventCountry "COL"]
[SourceTitle "CBM 215 Extra"]
[Source "ChessBase"]
[SourceDate "2023.09.30"]
[SourceVersion "1"]
[SourceVersionDate "2023.09.30"]
[SourceQuality "1"]

1. d4 Nf6 2. c4 e6 3. Nc3 Bb4 4. a3 Bxc3+ 5. bxc3 Nc6 6. f3 b6 7. e4 Ba6 8. Bd3 Na5 9. Qe2 c5 10. Be3 Rc8 11. d5 d6 12. Nh3 Nd7 13. Bg5 f6 14. Bf4 Qe7 15. 0-0 0-0 16. Bg3 Rfe8 17. Rad1 exd5 18. cxd5 Bxd3 19. Qxd3 c4 20. Qc2 Nc5 21. Nf4 Qd7 22. Rfe1 Nab7 23. Bf2 Qa4 24. Qxa4 Nxa4 25. Re3 Nbc5 26. Bg3 Rcd8 27. Kf2 Kf7 28. h4 g5 29. hxg5 fxg5 30. Ne2 h5 31. Nd4 h4 32. Bh2 g4 33. fxg4 Rxe4 34. Rxe4 Nxe4+ 35. Ke3 Nexc3 36. Rf1+ Kg6 37. Ne6 Re8 38. Kd4 Ne2+ 39. Kxc4 Rc8+ 40. Kd3 Nc1+ 41. Ke3 Rc3+ 42. Kf2 Rc2+ 43. Ke3 Rc3+ 44. Kf2 Rc2+ 45. Kf3 Nb3 46. Rd1 Nc3 47. Nf4+ Kf7 48. Re1 Nd2+ 49. Ke3 Ncb1 50. g5 Nc4+ 51. Ke4 Nbxa3 52. Kf5 Ne5 53. g6+ Kg8 54. Nh5 Rf2+ 55. Bf4 Nac4 56. Nf6+ Kf8 57. Nh5 Kg8 58. Nf6+ Kh8 59. Nh5 Rxg2 60. g7+ Kg8 61. Bh6 Kf7 62. Rf1 Rg4 63. Nf6 Rxg7 64. Bxg7 Ne3+ 65. Ke4 Nxf1 66. Nh5 Ng3+ 0-1

[Event "Rivera Hernandez Memorial"]
[Site "Rivera Huila"]
[Date "2023.07.19"]
[Round "1"]
[White "Panesso Rivera, Henry"]
[Black "Pazos Gambarrotti, Plinio Efrain"]
[Result "1-0"]
[WhiteElo "2346"]
[BlackElo "2024"]
[PlyCount "95"]
[EventDate "2023.07.19"]
[EventType "swiss"]
[EventRounds "10"]
[EventCountry "COL"]
[SourceTitle "CBM 215 Extra"]
[Source "ChessBase"]
[SourceDate "2023.09.30"]
[SourceVersion "1"]
[SourceVersionDate "2023.09.30"]
[SourceQuality "1"]

1. e4 c5 2. Nf3 Nc6 3. Bb5 Qb6 4. Nc3 Nd4 5. Nxd4 cxd4 6. Nd5 Qd8 7. Qh5 Nf6 8. Nxf6+ gxf6 9. c3 Qb6 10. a4 e6 11. a5 Qc5 12. Qxc5 Bxc5 13. b4 Be7 14. a6 Rg8 15. g3 Rg5 16. Bd3 bxa6 17. f4 Rg8 18. Bxa6 Kd8 19. Bb2 Kc7 20. Ke2 Kb6 21. Bxc8 Rgxc8 22. Ra5 dxc3 23. dxc3 Rh8 24. c4 a6 25. Bc3 h5 26. h4 Kb7 27. Rha1 Bd8 28. R5a3 Be7 29. Rd1 d6 30. Rda1 Rhg8 31. Be1 Rgc8 32. Kd3 Bd8 33. Bf2 Bc7 34. Be3 Rg8 35. Bf2 Rgd8 36. b5 axb5 37. Ra7+ Rxa7 38. Rxa7+ Kc8 39. cxb5 Rd7 40. Bd4 Bd8 41. b6 Rb7 42. g4 e5 43. Rxb7 Kxb7 44. gxh5 Be7 45. h6 Bf8 46. h7 Bg7 47. Bf2 exf4 48. Bd4 1-0

[Event "Titled Tuesday intern op 06th Jun Late"]
[Site "Chess.com INT"]
[Date "2023.06.06"]
[Round "2"]
[White "Panesso Rivera, Henry"]
[Black "Marin, Sebastian"]
[Result "1-0"]
[WhiteElo "2346"]
[BlackElo "2265"]
[PlyCount "43"]
[EventDate "2023.06.06"]
[EventType "swiss (blitz)"]
[EventRounds "11"]
[EventCountry "USA"]
[SourceTitle "EXT 2024"]
[Source "ChessBase"]
[SourceDate "2023.10.10"]
[SourceVersion "1"]
[SourceVersionDate "2023.10.10"]
[SourceQuality "1"]

1. d4 Nf6 2. c4 e6 3. Nf3 Bb4+ 4. Bd2 a5 5. a3 Bxd2+ 6. Qxd2 0-0 7. Nc3 d6 8. e4 Re8 9. 0-0-0 Qe7 10. e5 Nfd7 11. Qf4 Nc6 12. Bd3 dxe5 13. dxe5 Nc5 14. Bc2 a4 15. Ne4 Na5 16. Nf6+ gxf6 17. exf6 Nab3+ 18. Kb1 Qf8 19. Qg4+ Kh8 20. Qh5 Qg8 21. Ng5 Rf8 22. Bxh7 1-0

[Event "American Continental 17th"]
[Site "Juan Dolio"]
[Date "2023.05.18"]
[Round "5"]
[White "Panesso Rivera, Henry"]
[Black "Avila Pavas, Santiago"]
[Result "0-1"]
[WhiteElo "2342"]
[BlackElo "2522"]
[PlyCount "86"]
[EventDate "2023.05.15"]
[EventType "swiss"]
[EventRounds "11"]
[EventCountry "DOM"]
[SourceTitle "CBM 214 Extra"]
[Source "ChessBase"]
[SourceDate "2023.07.31"]
[SourceVersion "1"]
[SourceVersionDate "2023.07.31"]
[SourceQuality "1"]

1. d4 Nf6 2. Nf3 d5 3. c4 e6 4. Nc3 dxc4 5. e4 b5 6. e5 Nd5 7. Nxb5 Nb6 8. Be2 Be7 9. 0-0 Nc6 10. Be3 0-0 11. Nc3 Bb7 12. Qb1 Rb8 13. Ne4 Nb4 14. Nfg5 g6 15. Rc1 N4d5 16. Bd2 Ba6 17. Nf3 Na4 18. Bxc4 Bxc4 19. Rxc4 Nxb2 20. Rc2 Nc4 21. Qd1 Nxd2 22. Qxd2 Kg7 23. Nc5 Qe8 24. Rac1 Rb6 25. h4 h5 26. g3 Qb5 27. a4 Qe8 28. a5 Rb5 29. Na6 Ba3 30. Ra1 Bb4 31. Nxb4 Rxb4 32. Rxc7 Rb3 33. Rxa7 Rxf3 34. Rb7 Qc6 35. a6 Ra8 36. Qa5 Qxb7 37. axb7 Rxa5 38. Rxa5 Rb3 39. Ra7 Rb5 40. Kf1 Nb4 41. Ke2 Nc6 42. Ra6 Nxd4+ 43. Kd3 Nb3 0-1

[Event "Titled Tuesday intern op 25th Apr Early"]
[Site "Chess.com INT"]
[Date "2023.04.25"]
[Round "9"]
[White "Adireddy, Arjun"]
[Black "Panesso Rivera, Henry"]
[Result "0-1"]
[WhiteElo "2078"]
[BlackElo "2341"]
[PlyCount "72"]
[EventDate "2023.04.25"]
[EventType "swiss (blitz)"]
[EventRounds "11"]
[EventCountry "USA"]
[SourceTitle "EXT 2024"]
[Source "ChessBase"]
[SourceDate "2023.10.10"]
[SourceVersion "1"]
[SourceVersionDate "2023.10.10"]
[SourceQuality "1"]

1. e4 d6 2. d4 Nf6 3. Nc3 g6 4. Nf3 c6 5. h3 Qc7 6. Be3 Bg7 7. Qd2 Nbd7 8. Bd3 e5 9. Bh6 0-0 10. Bxg7 Kxg7 11. 0-0-0 b5 12. g4 b4 13. Ne2 a5 14. Rdg1 Ba6 15. Ng3 Bxd3 16. Qxd3 c5 17. dxe5 dxe5 18. g5 Nh5 19. Nxh5+ gxh5 20. Nh4 c4 21. Qf3 c3 22. bxc3 Qxc3 23. Qxc3 bxc3 24. Nf5+ Kh8 25. Rg3 Nc5 26. Rxc3 Nxe4 27. Re3 Nxg5 28. h4 Ne6 29. Rxe5 a4 30. Ng3 a3 31. Rxh5 Rfb8 32. Re5 Rb2 33. Rd1 Rxa2 34. Ne4 Ra1+ 35. Kd2 Rd8+ 36. Ke2 Raxd1 0-1